01355nam a22002537a 45000010005000000030006000050050017000110080041000280400029000690500008000980820008001061000031001142450113001452600044002583000061003024900018003635050008003815200535003895210029009245210020009536500048009736500043010217000037010649999FISKH20260325090755.0260325b cb ||||| |||| 00| 0 eng d aFISKHbengcFISKHdFISKH aAG5 a030 aSmith , Kathie Billingslea aWhere ? : bA discovery toy question book / cBy Kathie Billingslea Smith : Illustrated by Robert S. Storms  aCalifornia : bDiscovery Toys , c1985. a24 unnumbered pages : bcolor illustrations ; c20 cm .  aQuestion Book aJ  aWhen a child is once again on the receiving end of the dreaded question "Where are you from?" their answer takes readers on an intergalactic journey through the cosmos. Traveling across space and time, past collapsing stars and nebulae, the young narrator reminds us not of our differences but of our shared humanity. Debut author Jordan Collins's poetic prose, informed by lived experience, and Phil Lesnie's stunning illustrations create a powerful story that celebrates our intricate and beautiful connections with one another.8 a500 bLexile estimate 8 aJ bRaz-Plus  aQuestion and answervChildren's non-fiction aSocial studiesvChildren's non-fiction aStorms , Robert S.eIllustrator